书目信息 |
| 题名: |
我的父亲王广亚
|
|
| 作者: | 王淑芳 | |
| 分册: | ||
| 出版信息: | 2014.12 |
|
| 页数: | 309页 | |
| 开本: | 20cm | |
| 丛书名: | ||
| 单 册: | ||
| 中图分类: | G4 | |
| 科图分类: | ||
| 主题词: | 教育 | |
| 电子资源: | ||
| ISBN: | ||
| 000 | 00458nam0 2200181 450 | |
| 001 | 1731981352 | |
| 005 | 20170411085356.12 | |
| 010 | @dCNY60.00 | |
| 100 | @a20170411d2014 km y0chiy0120 ea | |
| 101 | 0 | @achi |
| 200 | 1 | @a我的父亲王广亚@Awo de fu qin wang guang ya@f王淑芳@Fwang shu fang |
| 210 | @d2014.12 | |
| 215 | @a309页@d20cm | |
| 606 | 0 | @a教育 |
| 690 | @aG4@v4 | |
| 701 | 0 | @a王淑芳@Awang shu fang |
| 801 | 0 | @aCN@bMUSE@c20170411 |
| 905 | @aMUSE@dG4@eW351 | |
| 我的父亲王广亚/王淑芳.-2014.12 |
| 309页;20cm |
| ISBN :CNY60.00 |
| ● |
| 相关链接 |
|
|
|
正题名:我的父亲王广亚
索取号:G4/W351
 
预约/预借
| 序号 | 登录号 | 条形码 | 馆藏地/架位号 | 状态 | 备注 |
| 1 | 0125923 | 201259235 | 社科库409/409社科库 120排4列5层/ [索取号:G4/W351] | 在馆 |